• 首页
  • 本馆介绍
  • 公告通知
  • 最新文献
  • 馆藏检索
  • 电子资源
  • 读者导购
  • 参考咨询
  • 我的图书馆
  • 登录
  • 详细信息显示
  • 放入我的书架
  • 预约/预借图书
  • 作者相关作品
  • 分类相关作品
  • 丛书相关作品
  • 出版社相关作品

书目信息

  • 表格格式
  • 工作单格式
  • 卡片格式
题名:
现代药物合成
    
 
作者: 李杰 , 强森 编 ;胡文浩 , 刘顺英 译
分册:  
出版信息: 上海   华东理工大学出版社  2017.3
页数: 324页
开本: 24cm
丛书名:
单 册:
中图分类: TQ460.31
科图分类:
主题词: 药物化学--有机合成
电子资源:
ISBN: 978-7-5628-4903-2
000 01177nam0 2200277 450
001 0400001697
005 20171019133813.0
010    @a978-7-5628-4903-2@b精装@dCNY98.00
100    @a20170619d2017 em y0chiy50 ea
101 1  @achi@ceng
102    @aCN@b310000
105    @ay z 001yy
106    @ar
200 1  @a现代药物合成@9xian dai yao wu he cheng@dModern drug synthesis@zeng@f(美)Jie Jack Li,Douglas S. Johnson编@g胡文浩,刘顺英译
210    @a上海@c华东理工大学出版社@d2017.3
215    @a324页@d24cm
330    @a这本书分为五个部分。第一部分:“感染疾病”包含了三个药物;第二部分:“癌症”综述了五个药物,其中三个为激酶抑制剂;第三部分:“心血管疾病和代谢疾病”,包含了八个药物;第四部分:“中枢神经系统疾病”,包含了最近四类药物,第五部分分别总结了两个治疗骨质疏松症和眼科适应症的药物。
510 1  @aModern drug synthesis@zeng
606 0  @a药物化学@x有机合成
690    @aTQ460.31@v5
701  0 @c(美)@a李杰@9li jie@c(Li, Jie Jack)@4编
701  0 @c(美)@a强森@9qiang sen@c(Johnson, Douglas S. )@4编
702  0 @a胡文浩@9hu wen hao@4译
702  0 @a刘顺英@9liu shun ying@4译
801  0 @aCN@b91MARC@c20171019
905    @b1030251-5@dTQ460.31@f5@e65
    
    现代药物合成=Modern drug synthesis/(美)Jie Jack Li,Douglas S. Johnson编/胡文浩,刘顺英译.-上海:华东理工大学出版社,2017.3
    324页;24cm
    
    
    ISBN 978-7-5628-4903-2(精装):CNY98.00
    这本书分为五个部分。第一部分:“感染疾病”包含了三个药物;第二部分:“癌症”综述了五个药物,其中三个为激酶抑制剂;第三部分:“心血管疾病和代谢疾病”,包含了八个药物;第四部分:“中枢神经系统疾病”,包含了最近四类药物,第五部分分别总结了两个治疗骨质疏松症和眼科适应症的药物。
●
相关链接 在E读中查询图书 在五车中查询图书 在当当中查询图书 在豆瓣中查询图书


正题名:现代药物合成     索取号:TQ460.31/65         预约/预借

序号 登录号 条形码 馆藏地/架位号 状态 备注
1 1030251   210302518   第二样本阅览室/ [索取号:TQ460.31/65] 在馆    
2 1030252   210302527   第三借阅区/ [索取号:TQ460.31/65] 在馆    
3 1030253   210302536   第三借阅区/ [索取号:TQ460.31/65] 在馆    
4 1030254   210302545   第三借阅区/ [索取号:TQ460.31/65] 在馆    
5 1030255   210302554   密集书库-化学系/ [索取号:TQ460.31/65] 在馆    
唐山师范学院图书馆 欢迎您!
大连网信软件有限公司© 版权所有